| 000 | 00000nas##2200000za#4500 |
| 001 | 9.513076 |
| 003 | CaOODSP |
| 005 | 20200325130345 |
| 007 | ta |
| 008 | 150406c1996||||xxc|| m #||||f| |0fre|d |
| 040 | |aCaOODSP|bfre |
| 043 | |an-cn--- |
| 086 | 1 |aH34-76F |
| 110 | 1 |aCanada.|bSanté Canada. |bDirection générale des services médicaux. |
| 245 | 13|aLe rapport et les recommandations du Groupe de travail mixte de l'APN/DGSM sur la gestion future du Programme des Services de santé non assurés / |cCoprésidents: Sydney Garrioch et Paul Glover. |
| 260 | |aOttawa - Ontario : |bSanté Canada. |
| 500 | |aTitre de la couverture: Rapport sur la gestion future du Programme des Services de santé non assurés. APN = Assemblée des Premières Nations. |
| 563 | |aCouverture souple |
| 720 | 1 |aGarrioch, Sydney |
| 720 | 1 |aGlover, Paul |
| 775 | 08|tThe report and recommendations of the joint AFN/MSB Task Force on the Future Management of the Non-insured Health Benefits Program / |w(CaOODSP)9.514716 |